Statistics for Byene/Tettstedene i Hordaland over 2,000 innbyggere

Click here to take the quiz!

General Stats

  • This quiz has been taken 35 times
  • The average score is 6 of 17

Answer Stats

BefolkningBy% Correct
254,235Bergen
96%
5,089Odda
68%
23,194Askøy
61%
9,753Arna
57%
14,171Leirvik
54%
6,461Vossevangen
43%
13,601Osøyro
39%
2,013Øystese
39%
10,988Knarrevik / Straume
36%
2,210Husnes
18%
2,281Norheimsund
18%
3,988Ågotnes
7%
2,848Frekhaug
4%
3,444Sagvåg
4%
2,317Sunde / Valen
4%
2,788Svortland
4%
3,873Fanahammeren
0%

Score Distribution

Percentile by Number Answered

Percent of People with Each Score

Your Score History

You have not taken this quiz